|
|
|
|
| LEADER |
00000nab a2200000 a 4500 |
| 001 |
vtls000344640 |
| 003 |
SK-MaSNL |
| 005 |
20260303190524.0 |
| 008 |
160204c1988 xo 0 cze |
| 015 |
|
|
|a SNBRA19rr/mm-uuuuu
|
| 035 |
|
|
|a CL0344762
|
| 040 |
|
|
|a SNKBUCL
|b slo
|c SNKBUCL
|e AACR2
|
| 041 |
0 |
|
|a cze
|
| 044 |
|
|
|a xo
|c SK
|
| 080 |
|
|
|a 639.113.055.4
|2 1981
|
| 100 |
1 |
|
|a Dyk, Václav,
|d 1912-1995
|4 aut
|9 37709
|
| 245 |
1 |
0 |
|a Regulovatelnost stavű lišky obecné
|c Václav Dyk
|
| 300 |
|
|
|b Obr. 3. Tb. 3. Res. rus., angl., nem., lit. 48 zázn. v rôz. jaz.
|
| 650 |
0 |
7 |
|a líška obyčajná
|2 snkbucl
|9 68267
|
| 655 |
|
7 |
|a články zo zborníkov
|2 snkbucl
|9 166140
|
| 773 |
0 |
|
|t Folia venatoria 18
|d Bratislava : Príroda, 1988
|g S. 333-346
|
| 850 |
|
|
|a Slovenská národná knižnica v Martine
|a MTA001
|
| 852 |
|
|
|a SNK
|b KIS3GCP
|
| 958 |
|
|
|a NB
|
| 958 |
|
|
|a RK
|
| 958 |
|
|
|a CZ
|
| 992 |
|
|
|a RZB
|
| 999 |
|
|
|c 2136646
|d 2138576
|